Word Scramble - Sports Teams - Statistics

General Stats
  • This quiz has been taken 62 times
  • The average score is 15 of 20
Answer Stats
Sport Answer % Correct
MLB Astros
100%
MLB Blue Jays
100%
NFL Buccaneers
100%
NBA Bucks
100%
NBA Bulls
100%
NHL Canadiens
100%
NFL Cowboys
100%
MLB Diamondbacks
100%
NHL Ducks
100%
NFL Falcons
100%
NHL Flames
100%
MLB Giants
100%
NFL Giants
100%
NBA Grizzlies
100%
NBA Heat
100%
NFL Jaguars
100%
NBA Jazz
100%
NFL Jets
100%
NBA Kings
100%
NHL Kings
100%
NBA Knicks
100%
NHL Kraken
100%
NBA Lakers
100%
NFL Lions
100%
NHL Oilers
100%
MLB Orioles
100%
MLB Padres
100%
MLB Reds
100%
NFL Saints
100%
NFL Seahawks
100%
NBA Suns
100%
NHL Wild
100%
NBA Wizards
100%
NBA 76ers
90%
NFL Bengals
89%
MLB Cubs
89%
NFL Titans
89%
NFL Bills
88%
NHL Jets
88%
NBA Magic
88%
NHL Rangers
88%
NBA Thunder
88%
NHL Coyotes
86%
MLB Dodgers
86%
NFL Vikings
86%
NFL 49ers
83%
NFL Broncos
83%
NFL Browns
83%
NFL Colts
83%
NHL Flyers
83%
NHL Lightning
83%
MLB Rays
82%
NFL Steelers
82%
NHL Stars
80%
MLB White Sox
80%
NHL Blackhawks
78%
NHL Devils
78%
MLB Marlins
78%
NFL Patriots
78%
MLB Braves
75%
NHL Canucks
75%
NBA Clippers
75%
NFL Dolphins
75%
NFL Eagles
75%
MLB Mets
75%
NFL Packers
75%
NBA Hawks
71%
MLB Mariners
71%
NBA Nets
71%
MLB Pirates
71%
MLB Rangers
71%
NBA Raptors
71%
MLB Red Sox
71%
NBA Spurs
71%
NFL Texans
71%
MLB Brewers
67%
NBA Celtics
67%
NBA Hornets
67%
NBA Mavericks
67%
NFL Panthers
67%
NBA Pelicans
67%
NHL Penguins
67%
NHL Predators
67%
NFL Rams
67%
NHL Red Wings
67%
MLB Tigers
67%
MLB Twins
67%
NFL Bears
63%
NFL Commanders
63%
NHL Golden Knights
63%
NBA Pistons
63%
MLB Angels
60%
NHL Blues
60%
NFL Chiefs
60%
MLB Rockies
60%
NHL Sharks
60%
NFL Chargers
57%
MLB Yankees
57%
MLB Cardinals
55%
MLB Athletics
50%
NHL Avalanche
50%
NHL Blue Jackets
50%
NHL Bruins
50%
NHL Maple Leafs
50%
NBA Pacers
50%
MLB Phillies
50%
MLB Royals
50%
NBA Timberwolves
50%
NBA Warriors
50%
NHL Islanders
43%
NFL Ravens
43%
NBA Trail Blazers
43%
NBA Cavaliers
40%
MLB Nationals
40%
NBA Nuggets
40%
NHL Capitals
33%
NHL Hurricanes
33%
NHL Panthers
33%
NFL Raiders
25%
NFL Cardinals
20%
NHL Senators
17%
MLB Guardians
0%
NBA Rockets
0%
NHL Sabres
0%
No matching quizzes found
Score Distribution
Percent of People with Each Score
Percentile by Number Answered
Your Score History
You have not taken this quiz